<?xml version="1.0" encoding="UTF-8"?>
<record
    xmlns:xsi="http://www.w3.org/2001/XMLSchema-instance"
    xsi:schemaLocation="http://www.loc.gov/MARC21/slim http://www.loc.gov/standards/marcxml/schema/MARC21slim.xsd"
    xmlns="http://www.loc.gov/MARC21/slim">

  <leader>00958nam a22001577a 4500</leader>
  <controlfield tag="003">OSt</controlfield>
  <controlfield tag="005">20151203091225.0</controlfield>
  <controlfield tag="008">151203b        xxu||||| |||| 00| 0 eng d</controlfield>
  <datafield tag="040" ind1=" " ind2=" ">
    <subfield code="c">RUA</subfield>
  </datafield>
  <datafield tag="082" ind1=" " ind2=" ">
    <subfield code="a">FIS HIE 2006 B178 Or.1</subfield>
  </datafield>
  <datafield tag="100" ind1=" " ind2=" ">
    <subfield code="9">4178</subfield>
    <subfield code="a">HIENG SOK HY; &#x17A0;&#x17C0;&#x1784; &#x179F;&#x17BB;&#x1781;&#x17A0;&#x17CA;&#x17B8;</subfield>
  </datafield>
  <datafield tag="245" ind1=" " ind2=" ">
    <subfield code="a">The effect of using pellet, rice brand with water spinach and rice braand  with cabbage leaves on the growth and survival rate of puntioplites proctozysron in hapa, &#x17A5;&#x1791;&#x17D2;&#x1792;&#x17B7;&#x1796;&#x179B;&#x1793;&#x17C3;&#x1780;&#x17B6;&#x179A;&#x1794;&#x17D2;&#x179A;&#x17BE;&#x1794;&#x17D2;&#x179A;&#x17B6;&#x179F;&#x17CB;&#x1785;&#x17C6;&#x178E;&#x17B8;&#x1782;&#x17D2;&#x179A;&#x17B6;&#x1794;&#x17CB; &#x1780;&#x1793;&#x17D2;&#x1791;&#x1780;&#x17CB;&#x179B;&#x17B6;&#x1799;&#x1787;&#x17B6;&#x1798;&#x17BD;&#x1799;&#x178F;&#x17D2;&#x179A;&#x1780;&#x17BD;&#x1793; &#x1793;&#x17B7;&#x1784;&#x1780;&#x1793;&#x17D2;&#x1791;&#x1780;&#x17CB;&#x179B;&#x17B6;&#x1799;&#x1787;&#x17B6;&#x1798;&#x17BD;&#x1799;&#x179F;&#x17D2;&#x179B;&#x17B9;&#x1780;&#x179F;&#x17D2;&#x1796;&#x17C3;&#x1791;&#x17C5;&#x179B;&#x17BE;&#x17A2;&#x178F;&#x17D2;&#x179A;&#x17B6;&#x179B;&#x17BC;&#x178F;&#x179B;&#x17B6;&#x179F;&#x17CB; &#x1793;&#x17B7;&#x1784;&#x17A2;&#x178F;&#x17D2;&#x179A;&#x17B6;&#x179A;&#x179F;&#x17CB;&#x179A;&#x1794;&#x179F;&#x17CB;&#x178F;&#x17D2;&#x179A;&#x17B8;&#x1785;&#x17D2;&#x179A;&#x1780;&#x17C2;&#x1784; &#x1793;&#x17C5;&#x1780;&#x17D2;&#x1793;&#x17BB;&#x1784;&#x17A0;&#x17B6;&#x1794;&#x17C9;&#x17B6;.</subfield>
  </datafield>
  <datafield tag="260" ind1=" " ind2=" ">
    <subfield code="a">Phnom Penh </subfield>
    <subfield code="b">RUA </subfield>
    <subfield code="c">2006</subfield>
  </datafield>
  <datafield tag="300" ind1=" " ind2=" ">
    <subfield code="a">xi; 38p.</subfield>
    <subfield code="b">ill.</subfield>
    <subfield code="c">29cm.</subfield>
  </datafield>
  <datafield tag="942" ind1=" " ind2=" ">
    <subfield code="2">ddc</subfield>
    <subfield code="c">FIS</subfield>
  </datafield>
  <datafield tag="999" ind1=" " ind2=" ">
    <subfield code="c">3893</subfield>
    <subfield code="d">3893</subfield>
  </datafield>
  <datafield tag="952" ind1=" " ind2=" ">
    <subfield code="0">0</subfield>
    <subfield code="1">0</subfield>
    <subfield code="2">ddc</subfield>
    <subfield code="4">0</subfield>
    <subfield code="6">FIS_HIE_2006_000000000000000_B178_OR_1</subfield>
    <subfield code="7">0</subfield>
    <subfield code="9">19623</subfield>
    <subfield code="a">LBB</subfield>
    <subfield code="b">LBB</subfield>
    <subfield code="d">2015-12-03</subfield>
    <subfield code="o">FIS HIE 2006 B178 Or.1</subfield>
    <subfield code="p">RUA035818</subfield>
    <subfield code="r">2015-12-03</subfield>
    <subfield code="w">2015-12-03</subfield>
    <subfield code="y">FIS</subfield>
  </datafield>
  <datafield tag="952" ind1=" " ind2=" ">
    <subfield code="0">0</subfield>
    <subfield code="1">0</subfield>
    <subfield code="2">ddc</subfield>
    <subfield code="4">0</subfield>
    <subfield code="6">FIS_HIE_2006_000000000000000_B178_OR_2</subfield>
    <subfield code="7">0</subfield>
    <subfield code="9">19624</subfield>
    <subfield code="a">LBB</subfield>
    <subfield code="b">LBB</subfield>
    <subfield code="d">2015-12-03</subfield>
    <subfield code="o">FIS HIE 2006 B178 Or.2</subfield>
    <subfield code="p">RUA035960</subfield>
    <subfield code="r">2015-12-03</subfield>
    <subfield code="w">2015-12-03</subfield>
    <subfield code="y">FIS</subfield>
  </datafield>
  <datafield tag="952" ind1=" " ind2=" ">
    <subfield code="0">0</subfield>
    <subfield code="1">0</subfield>
    <subfield code="2">ddc</subfield>
    <subfield code="4">0</subfield>
    <subfield code="6">FIS_HIE_2006_000000000000000_B178_OR_3</subfield>
    <subfield code="7">0</subfield>
    <subfield code="9">19625</subfield>
    <subfield code="a">LBB</subfield>
    <subfield code="b">LBB</subfield>
    <subfield code="d">2015-12-03</subfield>
    <subfield code="o">FIS HIE 2006 B178 Or.3</subfield>
    <subfield code="p">RUA010588</subfield>
    <subfield code="r">2015-12-03</subfield>
    <subfield code="w">2015-12-03</subfield>
    <subfield code="y">FIS</subfield>
  </datafield>
  <datafield tag="952" ind1=" " ind2=" ">
    <subfield code="0">0</subfield>
    <subfield code="1">0</subfield>
    <subfield code="2">ddc</subfield>
    <subfield code="4">0</subfield>
    <subfield code="6">FIS_HIE_2006_000000000000000_B178_OR_4</subfield>
    <subfield code="7">0</subfield>
    <subfield code="9">19898</subfield>
    <subfield code="a">LBB</subfield>
    <subfield code="b">LBB</subfield>
    <subfield code="d">2015-12-03</subfield>
    <subfield code="o">FIS HIE 2006 B178 Or.4</subfield>
    <subfield code="p">RUA027687</subfield>
    <subfield code="r">2015-12-03</subfield>
    <subfield code="w">2015-12-03</subfield>
    <subfield code="y">FIS</subfield>
  </datafield>
  <datafield tag="952" ind1=" " ind2=" ">
    <subfield code="0">0</subfield>
    <subfield code="1">0</subfield>
    <subfield code="2">ddc</subfield>
    <subfield code="4">0</subfield>
    <subfield code="6">FIS_HIE_2006_000000000000000_B178_OR_5</subfield>
    <subfield code="7">0</subfield>
    <subfield code="9">19899</subfield>
    <subfield code="a">LBB</subfield>
    <subfield code="b">LBB</subfield>
    <subfield code="d">2015-12-03</subfield>
    <subfield code="o">FIS HIE 2006 B178 Or.5</subfield>
    <subfield code="p">RUA027753</subfield>
    <subfield code="r">2015-12-03</subfield>
    <subfield code="w">2015-12-03</subfield>
    <subfield code="y">FIS</subfield>
  </datafield>
  <datafield tag="952" ind1=" " ind2=" ">
    <subfield code="0">0</subfield>
    <subfield code="1">0</subfield>
    <subfield code="2">ddc</subfield>
    <subfield code="4">0</subfield>
    <subfield code="6">FIS_HIE_2006_000000000000000_B178_OR_6</subfield>
    <subfield code="7">0</subfield>
    <subfield code="9">19900</subfield>
    <subfield code="a">LBB</subfield>
    <subfield code="b">LBB</subfield>
    <subfield code="d">2015-12-03</subfield>
    <subfield code="o">FIS HIE 2006 B178 Or.6</subfield>
    <subfield code="p">RUA026664</subfield>
    <subfield code="r">2015-12-03</subfield>
    <subfield code="w">2015-12-03</subfield>
    <subfield code="y">FIS</subfield>
  </datafield>
  <datafield tag="952" ind1=" " ind2=" ">
    <subfield code="0">0</subfield>
    <subfield code="1">0</subfield>
    <subfield code="2">ddc</subfield>
    <subfield code="4">0</subfield>
    <subfield code="6">FIS_HIE_2006_000000000000000_B178_OR_7</subfield>
    <subfield code="7">0</subfield>
    <subfield code="9">19901</subfield>
    <subfield code="a">LBB</subfield>
    <subfield code="b">LBB</subfield>
    <subfield code="d">2015-12-03</subfield>
    <subfield code="o">FIS HIE 2006 B178 Or.7</subfield>
    <subfield code="p">RUA026873</subfield>
    <subfield code="r">2015-12-03</subfield>
    <subfield code="w">2015-12-03</subfield>
    <subfield code="y">FIS</subfield>
  </datafield>
  <datafield tag="952" ind1=" " ind2=" ">
    <subfield code="0">0</subfield>
    <subfield code="1">0</subfield>
    <subfield code="2">ddc</subfield>
    <subfield code="4">0</subfield>
    <subfield code="6">FIS_HIE_2006_000000000000000_B178_OR_8</subfield>
    <subfield code="7">0</subfield>
    <subfield code="9">37019</subfield>
    <subfield code="a">LBB</subfield>
    <subfield code="b">LBB</subfield>
    <subfield code="d">2016-02-04</subfield>
    <subfield code="o">FIS HIE 2006 B178 Or.8</subfield>
    <subfield code="p">RUA033408</subfield>
    <subfield code="r">2016-02-04</subfield>
    <subfield code="w">2016-02-04</subfield>
    <subfield code="y">FIS</subfield>
  </datafield>
</record>
